Mapa de las principales carreteras de España (Record no. 4784)

MARC details
000 -CABECERA
campo de control de longitud fija 00797nam a2200241 a 4500
001 - NÚMERO DE CONTROL
campo de control BRCA_5090
005 - FECHA Y HORA DE LA ÚLTIMA TRANSACCIÓN
campo de control 20190320204932.0
008 - DATOS DE LONGITUD FIJA--INFORMACIÓN GENERAL
campo de control de longitud fija 111110s1950----sp-b######---#000-0#spa-#
041 ## - CÓDIGO DE LENGUA
Código de lengua del texto/banda sonora o título independiente spa
044 ## - CÓDIGO DEL PAÍS DE LA ENTIDAD EDITORA/PRODUCTORA
Código MARC del país sp
050 #4 - SIGNATURA TOPOGRÁFICA DE LA BIBLIOTECA DEL CONGRESO
Número de clasificación DP42
Número de documento/Ítem .M37 1950
245 10 - MENCIÓN DE TÍTULO
Título Mapa de las principales carreteras de España
Medio material cartográfico
Mención de responsabilidad, etc. Dirección General del Turismo.
260 ## - PUBLICACIÓN, DISTRIBUCIÓN, ETC.
Lugar de publicación, distribución, etc. Barcelona, España
Nombre del editor, distribuidor, etc. Piulats
Fecha de publicación, distribución, etc. [1950]
300 ## - DESCRIPCIÓN FÍSICA
Extensión 1 mapa sobre un pliego
Otras características físicas a color
Dimensiones 60 x 79 cm., pleg. 13 x 16 cm.
500 ## - NOTA GENERAL
Nota general Escala de 1 : 1.750000
500 ## - NOTA GENERAL
Nota general Estado físico: mapa deteriorado
500 ## - NOTA GENERAL
Nota general Mapa inventariado por Banco de México como libro
500 ## - NOTA GENERAL
Nota general DD42
650 14 - PUNTO DE ACCESO ADICIONAL DE MATERIA--TÉRMINO DE MATERIA
Término de materia o nombre geográfico como elemento de entrada Mapas
Subdivisión general Carreteras
Subdivisión geográfica España
9 (RLIN) 12979
651 #4 - PUNTO DE ACCESO ADICIONAL DE MATERIA--NOMBRE GEOGRÁFICO
Nombre geográfico España
Subdivisión de forma Mapas
Subdivisión general Carreteras
9 (RLIN) 12980
902 ## - CATALOGADOR
Iniciales GFM
942 ## - ELEMENTOS DE PUNTO DE ACCESO ADICIONAL (KOHA)
Fuente del sistema de clasificación o colocación Library of Congress Classification
Tipo de ítem Koha Libros
Holdings
Estado de retiro Estado de pérdida Estado dañado No para préstamo Localización permanente Ubicación/localización actual Fecha de adquisición Número de inventario Total de préstamos Signatura topográfica completa Código de barras Fecha visto por última vez Precio válido a partir de Tipo de ítem Koha
El ejemplar forma parte de la colección y puede ser consultado según las políticas vigentes.       Biblioteca del Museo Franz Mayer (Rogerio Casas-Alatriste) Biblioteca del Museo Franz Mayer (Rogerio Casas-Alatriste) 11/11/2010 DD42   DP42 .M37 1950 (DD42) 5213 22/03/2019 22/03/2019 Libros